| 000 | 01552cam a2200385 i 4500 | ||
|---|---|---|---|
| 001 | 57637 | ||
| 003 | Mx-PuUPA | ||
| 005 | 20250206153253.0 | ||
| 008 | 140415s2019 sp gq 000 0 spa d | ||
| 017 | _aM-16647-2019 | ||
| 020 | _a9788422020851 | ||
| 040 |
_cMx-PuUPA _aMx-PuUPA _bspa _dMx-PuUPA _erda |
||
| 041 | 0 |
_aspa _alat |
|
| 100 | 0 |
_aHilary, _cSaint, Bishop of Poitiers, _d-367? _eautor _916670 |
|
| 245 | 1 | 0 |
_aSobre los sínodos : _bla fe de los orientales / _cSan Hilario de Poitiers ; introducción, textos, traducción y notas de Samuel Fernández |
| 250 | _aEdición bilingue | ||
| 264 | 1 |
_aMadrid : _bBiblioteca de Autores Cristianos, _c2019 |
|
| 300 |
_alxxiv, 214 páginas ; _c20 cm |
||
| 336 |
_2rdacontent _atexto _btxt |
||
| 337 |
_2rdamedia _asin medio _bn |
||
| 338 |
_2rdacarrier _avolumen _bnc |
||
| 490 | 0 |
_aBiblioteca de Autores Cristianos ; _v756 |
|
| 546 | _aTexto bilingue: español y latín. | ||
| 600 | 0 | 4 |
_aHilario, _cSanto, Obispo de Poitiers- _d315? - 367 _xTeología |
| 650 | 7 |
_2armarc _aArrianismo |
|
| 650 | 7 |
_2armarc _aHerejias cristianas _xHistoria _yPeriodo primitivo, c.a. 30-600 |
|
| 650 | 7 |
_2armarc _aArrianismo _xObras anteriores a 1800 |
|
| 650 | 7 |
_2armarc _aIglesias orientales |
|
| 650 | 7 |
_2armarc _aTeología _ySiglos I - VI |
|
| 700 | 1 |
_aFernández, Samuel, _eautor de introducción _etraductor |
|
| 942 |
_2ddc _cLI _h273.4 _iH64 |
||
| 999 |
_c57637 _d57637 |
||